Wpłyv idei rozwoju zrównoważonego na finanse firm
Salvato in:
| Autore principale: | |
|---|---|
| Altri autori: | |
| Natura: | Capitolo di libro |
| Lingua: | polacco |
| Tags: |
Nessun Tag, puoi essere il primo ad aggiungerne!!
|
MARC
| LEADER | 00000naa a2200000 4500 | ||
|---|---|---|---|
| 001 | 0151117 | ||
| 005 | 20220929065251.7 | ||
| 041 | 0 | |a pol | |
| 044 | |a PL | ||
| 245 | 1 | 0 | |a Wpłyv idei rozwoju zrównoważonego na finanse firm |c Małgorzata Rutkowska-Podołowska, Jolanta Pakulska |
| 100 | 1 | |a Rutkowska-Podołowska, Małgorzata | |
| 700 | 1 | |a Pakulska, Jolanta | |